United States Intelligence Agencies - Statistics

General Stats
  • This quiz has been taken 119 times
  • The average score is 6 of 19
Answer Stats
Hint Answer % Correct
Exploding cigars, Langley Central Intelligence Agency
99%
Criminal Minds, Waco, Eponymous TV Show Federal Bureau of Investigation
93%
Edward Snowden, bugging phones National Security Agency
76%
Cartels, drug smuggling groups, terrorism DEA Office of National Security Intelligence
59%
Official in charge of national intelligence Director of National Intelligence
47%
Military and defense intelligence Defense Intelligence Agency
44%
Interprets satellite imagery to get intel National Geospatial-Intelligence Agency
31%
Builds those satellites National Reconnaissance Office
28%
Navy intelligence branch Office of Naval Intelligence
26%
Energy security intelligence, nukes Office of Intelligence and Counterintelligence
22%
Coast Guard intelligence branch Coast Guard Intelligence
19%
Homeland Security civilian agency Office of Intelligence and Analysis
16%
Army intelligence branch Military Intelligence Corps
15%
Marines intelligence branch Marine Corps Intelligence
12%
Intelligence sector of above Intelligence Branch
10%
Gather intelligence to support diplomacy, foreign policy Bureau of Intelligence and Research
9%
Air Force intelligence branch Sixteenth Air Force / Air Forces Cyber
9%
Space Force intelligence branch Space Delta 18
9%
Track financial crimes, block terrorist money Office of Terrorism and Financial Intelligence
6%
No matching quizzes found
Score Distribution
Percent of People with Each Score
Percentile by Number Answered
Your Score History
You have not taken this quiz